00719nam a2200157Ia 4500008004100000100002300041245012800064245012700192260005300319260000900372300001200381650001500393856006100408999001900469952007300488170221s9999 xx 000 0 und d aDmitry V. Shkurkin aFormation and Development of the Integrated Marketing Communications in the Activities of Production and Trade Enterprises  cDmitry V. Shkurkin, Irina N. Mayatskaya, Oksana V. Nikonova, Vladimir S. Novikov, Irina S. Vasilyeva, Svetlana G. Karepova bInternational Review of Management and Marketing c2016 a15 : 16 xMarketing. uhttp://www.econjournals.com/index.php/irmm/issue/view/70 c312060d312060 001040aCLbCLd2017-02-21l0r2017-02-21 00:00:00w2017-02-21yFOJ